Procesos de guía y asistencia turística.

Guardat en:
Dades bibliogràfiques
Autor principal: Morales Caraballo, María Gema (autora)
Format: Llibre
Publicat: Madrid, España: Paraninfo, 2017.
Edició:1a. edición.
Col·lecció:Ciclos formativos.
Hostelería y Turismo.
Matèries:
Etiquetes: Afegir etiqueta
Sense etiquetes, Sigues el primer a etiquetar aquest registre!

MARC

LEADER 00000nam a22000007a 4500
003 CL-VaPUC
005 20250407202459.0
008 250321t2017 ||||| |||| 00| 0 eng d
999 |c 447542  |d 447540 
020 |a 978-84-283-3500-3 
040 |c Pontificia Universidad Católica de Valparaíso 
082 |a 338.4791 MOR 2017 
100 |9 897334  |a Morales Caraballo, María Gema  |e autora 
245 |a Procesos de guía y asistencia turística. 
250 |a 1a. edición. 
260 |a Madrid, España:  |b Paraninfo,  |c 2017. 
300 |a xiv, 347 páginas:  |b ilustraciones. 
490 |a Ciclos formativos. 
490 |a Hostelería y Turismo. 
500 |a c.1-c.2. Instituto Arcos.08-01-2025. 
583 |c 20250321  |k Gabriela Rodríguez Cuevas 
650 0 |9 895724  |a Guía turístico  |x Formación profesional 
650 0 |9 308920  |a Turismo  |x Personal 
650 0 |9 257115  |a Viajes  |x Gestión 
942 |2 ddc  |c BK  |n 0 
952 |0 0  |1 0  |2 ddc  |4 0  |6 338_479100000000000_MOR_2017  |7 0  |8 A  |9 601712  |a BIBINC  |b BIBINC  |d 2025-03-21  |e Instituto Arcos  |i 5666555  |o 338.4791 MOR 2017  |p 5666555  |r 2025-03-21  |t 1  |w 2025-03-21  |y BK  |k IFP 
952 |0 0  |1 0  |2 ddc  |4 0  |6 338_479100000000000_MOR_2017  |7 0  |8 A  |9 601713  |a BIBINC  |b BIBINC  |d 2025-03-21  |e Instituto Arcos  |i 5666556  |o 338.4791 MOR 2017  |p 5666556  |r 2025-03-21  |t 2  |w 2025-03-21  |y BK  |k IFP